000
00283nam a22001337a 4500
008
190305b xxu||||| |||| 00| 0 eng d
020
_a
0721668860
041
_a
eng
080
_2
2nd
_a
617
100
_a
8
101
_a
ORT
245
_a
Skeletal Trauma
_c
Browner
942
_2
udc
_c
BK
999
_c
54568
_d
54568